| 000 | 00986nam a2200277Ia 4500 | ||
|---|---|---|---|
| 003 | OSt | ||
| 005 | 20221005104910.0 | ||
| 006 | a|||||r|||| 00| 0 | ||
| 007 | ta | ||
| 008 | 221004b |||||||| |||| 00| 0 hin d | ||
| 020 |
_a9788126728879 (hbk) _c350 |
||
| 024 | _a24397 | ||
| 037 |
_b7327, 07/01/2016, Rajkamal Prakashan Pvt. Ltd. _cTextual |
||
| 040 |
_aCRL _cCRL _bhin |
||
| 041 |
_2hin _ahin |
||
| 082 | _aY:354, 152Q5.1 | ||
| 100 | _aदाभोलकर, नरेन्द्र | ||
| 245 | 0 | _aअंधविश्वास उन्मूलन | |
| 246 | _aAandhavishvās unmūlana | ||
| 260 |
_aदिल्ली _bसार्थक भारत _c2015 |
||
| 300 |
_a173पृ0 _ccm. |
||
| 490 | _vभाग 1 | ||
| 650 | _aहिन्दी साहित्य | ||
| 942 |
_hY:354, 152Q5.1 _cTEXL _2cc |
||
| 999 |
_c1014118 _d1014118 |
||